| 000 | 00904nam a2200229 4500 | ||
|---|---|---|---|
| 001 | 158409 | ||
| 003 | ES-MaACL | ||
| 005 | 20251218063014.0 | ||
| 008 | 950307s1845 sp |||| | spa d | ||
| 040 |
_aEUS _bspa _cEUS |
||
| 100 | 1 |
_aMackeldey, Ferdinand, _d1784-1834 _9129293 |
|
| 245 | 1 | 0 |
_aElementos del derecho romano _b: que contienen la teoría de la instituta precedida de una introducción al estudio del mismo derecho / _cobra escrita en alemán por F. Mackeldey. |
| 250 | _a2ª ed. | ||
| 260 |
_aMadrid : _b[s.n.], _c1845 ( _fImprenta de la Sociedad Literaria y Tipográfica) |
||
| 300 |
_a464 p. ; _c22 cm. |
||
| 490 | 1 | _aBiblioteca de Jurisprudencia y Legislación | |
| 650 | 7 |
_aDerecho romano _2embne _911764 |
|
| 830 | 0 |
_aBiblioteca de Jurisprudencia y Legislación _9187709 |
|
| 852 |
_aES-MaACL _jC-3440 _z-- Ecn. hol. |
||
| 999 |
_c158409 _d158409 |
||